| 000 | 00390nam a22001577a 4500 | ||
|---|---|---|---|
| 003 | OSt | ||
| 005 | 20240224095808.0 | ||
| 008 | 190516b xxu||||| |||| 00| 0 eng d | ||
| 020 | _a978-0780311282 | ||
| 040 | _cIIMT UNIVERSITY | ||
| 100 | _aKARTRALOPAELOSS V | ||
| 245 | _aUNDERSTANDING NEURAL NETWORK AND FUZZY | ||
| 260 |
_aNEW DELHI _bPHI PUB _c2005 |
||
| 300 | _a205 | ||
| 942 |
_2ddc _c02 |
||
| 999 |
_c47740 _d47740 |
||